L'économie politique : Bases méthodologiques et problèmes fondamentaux (notice n° 1566565)
[ vue normale ]
| 000 -LEADER | |
|---|---|
| fixed length control field | 01285cam a2200133 4500500 |
| 005 - DATE AND TIME OF LATEST TRANSACTION | |
| control field | 20251214001916.0 |
| 041 ## - LANGUAGE CODE | |
| Language code of text/sound track or separate title | fre |
| 042 ## - AUTHENTICATION CODE | |
| Authentication code | dc |
| 100 10 - MAIN ENTRY--PERSONAL NAME | |
| Personal name | Silem, Ahmed |
| Relator term | author |
| 245 00 - TITLE STATEMENT | |
| Title | L'économie politique : Bases méthodologiques et problèmes fondamentaux |
| 260 ## - PUBLICATION, DISTRIBUTION, ETC. | |
| Name of publisher, distributor, etc. | Armand Colin,<br/> |
| Date of publication, distribution, etc. | 2011.<br/> |
| 520 ## - SUMMARY, ETC. | |
| Summary, etc. | L'économie politique analyse les moyens d'action des collectivités et des gouvernements en matière de politiques économiques. Ce manuel en fait une analyse complète en présentant les enjeux méthodologiques et les grandes théories économiques, les opérations économiques fondamentales, les grands enjeux contemporains, les politiques économiques destinées à l'obtention d'une croissance durable, du plein emploi, de la stabilité des prix et de l'équilibre dans les échanges internationaux. Cette 6e édition analyse les nouvelles théories issues de la crise économique. Ahmed Silem, professeur des universités, enseigne à l’université Jean- Moulin Lyon-3 l’économie de l’information et des médias à la faculté des lettres, l’économie politique à la faculté de droit, et l’économie générale à l’IAE de Lyon-3. |
| 856 41 - ELECTRONIC LOCATION AND ACCESS | |
| Uniform Resource Identifier | <a href="https://shs.cairn.info/l-economie-politique--9782200272142?lang=fr&redirect-ssocas=7080">https://shs.cairn.info/l-economie-politique--9782200272142?lang=fr&redirect-ssocas=7080</a> |
Pas d'exemplaire disponible.




Réseaux sociaux